Guess the bfdi season 1 character by 2 words - Statistics

General Stats
  • This quiz has been taken 80 times
  • The average score is 18 of 21
Answer Stats
Hint Answer % Correct
Vomits daily Rocky
96%
Aw, seriously? David
95%
Stole islands Leafy
95%
Called fat Spongy
95%
Yoyle accent Bubble
93%
Won bfdi Firey
93%
Want's revenge Ice cube
91%
First elimination Flower
89%
Lost limbs Pin
89%
"Strongest" contestant Snowball
89%
Alliance leader Pencil
88%
Doesn't talk Teardrop
88%
Very scared Woody
88%
Banned show Blocky
86%
"Which is?" Eraser
86%
Bossy bot Golf ball
86%
Slaps people Needle
84%
Blue cap Pen
81%
Unspecified price Coiny
77%
10th place Tennis ball
72%
In alliance Match
54%
No matching quizzes found
Score Distribution
Percent of People with Each Score
Percentile by Number Answered
Your Score History
You have not taken this quiz